| 000 | 00461cam a22001217a 4500 | ||
|---|---|---|---|
| 008 | 180718b1970 xxu||||| |||| 00| 0 eng d | ||
| 082 | _aA2:I21x73 Un3s | ||
| 245 |
_aSelf development aids for supervisors and middle managers _cby United States Civil Service Commission |
||
| 260 |
_aWashington, D.C. _bThe Superintendent of Documents _c1970 |
||
| 300 | _av.p. | ||
| 440 | _aPersonnel Bibliography Series Number 34 | ||
| 700 | _aUnited States Civil Service Commission | ||
| 999 |
_c487248 _d487248 |
||